| 000 | 01201nmm a2200349 a 4500 | ||
|---|---|---|---|
| 001 | ocm0002015479 | ||
| 003 | TR-IsHL | ||
| 005 | 20201028175644.0 | ||
| 008 | 181106s2015 tu tur | ||
| 007 | cr cn | ||
| 020 | _a9786055227609 | ||
| 035 |
_a2015479 _b(N$T) |
||
| 050 | 0 | 4 |
_aPL54.6 _b.T84 2015 |
| 090 | 0 | 4 |
_aPL54.6 _b.T84 2015 |
| 100 | 1 | _aTulum, Mehmet Mahur | |
| 245 | 1 | 0 |
_aEski Uygurca Edgü Ögli Tigin - Anyıg Ögli Tigin: ( iyi niyetli şehzade-kötü niyetli şehzade ) _h[electronic resource] / _cMehmet Mahur Tulum ; Kenan Azılı |
| 250 | _a1. Baskı | ||
| 260 |
_aİstanbul : _bDoğu Kütüphanesi, _c2015 |
||
| 300 | _a303 p. | ||
| 500 | _aKaynakça var. | ||
| 650 | 4 | _aDil ve Edebiyat | |
| 650 | 4 | _aLanguage and Literature | |
| 650 | 0 |
_aUygurlar _x Din |
|
| 650 | 0 |
_aUighur (Turkic people) _x Religion |
|
| 650 | 0 |
_aUygur dili _x Tarih |
|
| 650 | 0 |
_aUighur language _x History |
|
| 650 | 0 |
_aUygur dili _x Yazı |
|
| 650 | 0 |
_aUighur language _x Writing |
|
| 650 | 7 |
_aLITERARY COLLECTIONS / Asian / Chinese _2bisacsh |
|
| 700 | 1 | _aAzılı, Kenan | |
| 856 | 4 | 0 | _uhttp://search.ebscohost.com/login.aspx?direct=true&scope=site&db=e011xww&AN=2015479 |
| 999 |
_c18773 _d18773 |
||